000 00596nam a2200241Ia 4500
001 9684
005 20240113234223.0
007 ta
008 050727s a g b000 u ben u
020 _cHB
040 _aCotton College,Assam
041 _aben
082 _a891.4418
_bM 896 P
100 _aMukherjee, A. .
245 0 _aPurabi /
_cA. Mukherjee.
_hTextual Documents
250 _a1st ed /
260 _aCalcutta :
_bShanti LIbrary ,
_cnd.
300 _a149p. :
_bill. ;
_c19cm. .
653 _aBengali-Poem
942 _2ddc
_cBK
999 _c9671
_d9671